| 000 | 00672nam a2200217Ia 4500 | ||
|---|---|---|---|
| 003 | GCL | ||
| 008 | 140319s9999 xx 000 0 ara d | ||
| 040 |
_aGCL / _cGCL |
||
| 082 | 0 | 4 |
_a320.531 _bغ م |
| 100 | 1 | _aغارودى، روجيه | |
| 245 | 1 | 0 |
_aمنعطف الاشتراكية الكبير (هدية من الآديب عبدالفتاح الجمل) / _cغارودى، روجيه |
| 700 | 1 | _aالكاتب | |
| 700 | 1 | _aاديب اللجمنى | |
| 700 | 1 | _aكمال الغالى | |
| 300 | _a271 | ||
| 490 | _a | ||
| 650 | 0 | 4 | _aالاشتراكية |
| 650 | 0 | 4 | _aالنظم السياسية |
| 650 | 0 | 4 | _aالمذاهب السياسية |
| 942 |
_2ddc _cBK |
||
| 999 |
_c40268 _d40268 |
||